Statistics for Arabia Quiz

Click here to take the quiz!

General Stats

  • This quiz has been taken 19 times
  • The average score is 12 of 15

Answer Stats

HintAnswer% Correct
IRIran
100%
IQIraq
100%
SASaudi Arabia
100%
SYSyria
100%
OMOman
94%
YEYemen
88%
LELebanon
76%
PAPalestine
76%
SOSomalia
76%
TRTurkey
71%
EYEgypt
65%
AGAlgeria
59%
SUSudan
59%
TSTunisia
53%
ISIsreal
47%

Score Distribution

Percentile by Number Answered

Percent of People with Each Score

Your Score History

You have not taken this quiz